European countries by most common surname - Statistics

General Stats
  • This quiz has been taken 83 times
  • The average score is 12 of 15
Answer Stats
Surname Country % Correct
Müller Germany, Switzerland
99%
Rossi Italy, Monaco
95%
Smith United Kingdom
95%
Garcia Andorra, Spain
93%
Murphy Ireland
91%
Silva Portugal
88%
Yılmaz Türkiye
82%
Hansen Norway
80%
De Jong Netherlands
78%
Nowak Poland
76%
Martin France
70%
Korhonen Finland
68%
Nagy Hungary
55%
Popa Romania
53%
Hoxha Albania
51%
No matching quizzes found
Score Distribution
Percent of People with Each Score
Percentile by Number Answered
Your Score History
You have not taken this quiz